Qatar : Report on the Observance of Standards and Codes; FATF Recommendations for Anti-Money Laundering and Combating the Financing of Terrorism.

Qatar's report on the Observance of Standards and Codes for the Financial Action Task Force Recommendations for Anti-Money Laundering (AML) and Combating the Financing of Terrorism (CFT) is described. The two sectors that compose the financial system, the domestic sector and the Qatar Financial...

Celý popis

Podrobná bibliografie
Korporativní autor: International Monetary Fund
Médium: Časopis
Jazyk:English
Vydáno: Washington, D.C. : International Monetary Fund, 2008.
Edice:IMF Staff Country Reports; Country Report ; No. 2008/321
Témata:
On-line přístup:Full text available on IMF
LEADER 01704cas a2200253 a 4500
001 AALejournalIMF005409
008 230101c9999 xx r poo 0 0eng d
020 |c 5.00 USD 
020 |z 9781451832624 
022 |a 1934-7685 
040 |a BD-DhAAL  |c BD-DhAAL 
110 2 |a International Monetary Fund. 
245 1 0 |a Qatar :   |b Report on the Observance of Standards and Codes; FATF Recommendations for Anti-Money Laundering and Combating the Financing of Terrorism. 
264 1 |a Washington, D.C. :  |b International Monetary Fund,  |c 2008. 
300 |a 1 online resource (13 pages) 
490 1 |a IMF Staff Country Reports 
500 |a <strong>Off-Campus Access:</strong> No User ID or Password Required 
500 |a <strong>On-Campus Access:</strong> No User ID or Password Required 
506 |a Electronic access restricted to authorized BRAC University faculty, staff and students 
520 3 |a Qatar's report on the Observance of Standards and Codes for the Financial Action Task Force Recommendations for Anti-Money Laundering (AML) and Combating the Financing of Terrorism (CFT) is described. The two sectors that compose the financial system, the domestic sector and the Qatar Financial Center, are subject to different sets of preventive measures, which vary in depth and comprehensiveness. The allocation of resources to AML/CFT appears to be uneven, particularly in view of the rapid development and diversification of the economy. 
538 |a Mode of access: Internet 
651 7 |a Qatar  |2 imf 
830 0 |a IMF Staff Country Reports; Country Report ;  |v No. 2008/321 
856 4 0 |z Full text available on IMF  |u http://elibrary.imf.org/view/journals/002/2008/321/002.2008.issue-321-en.xml  |z IMF e-Library